Riichi Mahjong Yaku - Statistics

General Stats
  • This quiz has been taken 50 times
  • The average score is 18 of 40
Answer Stats
Type Han Answer % Correct
Off Draw One Han Menzenchin Tsumohou
73%
Situational One Han Riichi
73%
Terminals & Simples One Han Tanyao
65%
Specific Yakuman Kokushi Musou
62%
Honors One Han Yakuhai
62%
Honors Yakuman Daisangen
58%
Off Draw One Han Ippatsu
58%
Suits Six Han Chinitsu
54%
Triplets Two Han Toitoi
54%
Special Two Han Chiitoitsu
50%
Suits Three Han Honitsu
50%
Triplets Two Han Sanankou
50%
Triplets Yakuman Suuankou
50%
Terminals & Simples Two Han Honroutou
46%
Terminals & Simples Three Han Junchan
46%
Sequences One Han Pinfu
46%
Sequences Three Han Ryanpeikou
46%
Honors Two Han Shousangen
46%
Off Draw Initial Yakuman Tenhou
46%
Off Draw Initial Yakuman Chiihou
42%
Terminals & Simples Yakuman Chinroutou
42%
Honors Yakuman Daisuushii
42%
Sequences One Han Iipeikou
42%
Sequences Two Han Ittsu
42%
Off Draw One Han Rinshan Kaihou
42%
Sequences Two Han Sanshoku Doujun
42%
Situational One Han Chankan
38%
Situational Two Han Double Riichi
38%
Honors Yakuman Shousuushii
38%
Honors Yakuman Tsuuiisou
38%
Terminals & Simples Two Han Chantaiyao
35%
Triplets Two Han Sankantsu
35%
Triplets Yakuman Suukantsu
35%
Special Special Yakuman Nagashi Mangan
31%
Specific Yakuman Ryuuiisou
31%
Triplets Two Han Sanshoku Doukou
31%
Specific Yakuman Chuuren Poutou
27%
Situational One Han Houtei Raoyui
27%
Off Draw One Han Haitei Raoyue
23%
Special Yakuman Kazoe Yakuman
12%
No matching quizzes found
Score Distribution
Percent of People with Each Score
Percentile by Number Answered
Your Score History
You have not taken this quiz